| 000 | 00392cam a2200169ua 4500 | ||
|---|---|---|---|
| 020 | _c1.25 | ||
| 041 |
_ahin _h |
||
| 082 |
_a891.54 _bMYT/AN |
||
| 100 | _aMythili Sharan, Gupta. | ||
| 245 |
_aAnag / _cMythili Sharan Gupta. _hTextual Documents |
||
| 260 |
_a : _bSahithya Sadan , _c1956. |
||
| 300 | _a361 ; . | ||
| 365 | _a1.25 | ||
| 504 | _a | ||
| 942 | _cBK | ||
| 999 |
_c8068 _d8068 |
||